00846cam a22002651 4500001001300000003000400013005001700017008004100034010001700075025001900092035001800111040002600129042001200155050001700167082001300184100002600197245014100223250001400364260004700378300003900425504003200464650002700496650004000523999001700563sa 67003474 DLC20260227112338.0720707s1966 ii ab b 000 0 eng  asa 67003474  aPL480:I-E-7855 a(OCoLC)350552 aDLCcOClUdOCoLCdDLC apremarc00aHC440.I5bC4 a339.3/541 aChaudhry, Mahinder D.10aRegional income accounting in an underdeveloped economy;ba case study of India,cby Mahinder D. Chaudhry. Foreword by Bert F. Hoselitz. a[1st ed.] aCalcutta,bFirma K.L. Mukhopadhyay,c1966. axiv, 144 p.billus., maps.c26 cm. aBibliography: p. [139]-144. 0aIncomezIndiaxStates. 0aNational incomezIndiaxAccounting. c73861d73861